KOHA-Header-6

Modern Wireless Communications (Record no. 9651)

000 -LEADER
fixed length control field 00271nam a2200109Ia 4500
100 ## - MAIN ENTRY--AUTHOR NAME
Personal name Simon Haykin
245 #0 - TITLE STATEMENT
Title Modern Wireless Communications
260 ## - PUBLICATION, DISTRIBUTION, ETC. (IMPRINT)
Place of publication Pakistan
Name of publisher Tata McGraw Hill
Year of publication 2006
300 ## - PHYSICAL DESCRIPTION
Number of Pages 988
942 ## - ADDED ENTRY ELEMENTS (KOHA)
Koha item type Books
Holdings
Withdrawn status Lost status Collection code Permanent Location Current Location Shelving location Date acquired Full call number Accession Number Koha item type
    Electrical Engineering MAJU MAJU Shelf No.A25 2019-09-14 621.2 5535 Electrical Engineering

Powered by Koha